| 000 | 00589 a2200205 4500 | ||
|---|---|---|---|
| 001 | 59794 | ||
| 005 | 20260407155851.0 | ||
| 008 | 260407a1941 arg spa d | ||
| 003 | AR-UNSa-BCEJYS | ||
| 040 |
_aAR-UNSa-BCEJYS _bspa _cAR-UNSa-BCEJYS |
||
| 080 |
_a342 _xDerecho constitucional (Derecho Público) |
||
| 245 | 1 | 0 | _aDerecho federal |
| 250 | _a3a. ed. | ||
| 264 | 1 |
_aBuenos Aires : _bCompañía Argentina de Editores _c1941 |
|
| 300 |
_a2 v. (544 ; 523 p.) _c23 cm. |
||
| 041 | _aspa | ||
| 942 | _cBK | ||
| 590 | _aniveau_biblio:m niveau_hierar:0 | ||
| 100 | 1 | _aZavalía, Clodomiro | |
| 999 |
_c6827 _d6827 |
||